Word Ladder: 2016 Olympics First Leg Quiz Stats

 Plays Quiz Updated Aug 10, 2016

Score 0/29 Timer 04:00
2 Plays Today
Clue 4-Letter Word % Correct
◯‍ Move in water ◯‍◯‍SWIM◯‍
99.2%
A lion's callROAR
96%
◯‍ Turn over while in mid-air ◯‍◯‍FLIP◯‍
95.8%
How a bird moves its wingsFLAP
95.8%
Where cars travelROAD
95.7%
Action to generate applauseCLAP
95.6%
To unintentionally lose one's footingSLIP
95%
Possessing a thin figureSLIM
94.7%
To comprehend written languageREAD
94.3%
At the wedding in Cana, Jesus turned water to ___WINE
94.2%
◯‍ Leap head-first into water ◯‍◯‍DIVE◯‍
94.2%
The backside of somethingREAR
93.7%
White bird, often symbolizing peaceDOVE
93.6%
To stand for a photographPOSE
93%
A recommended amount of medicineDOSE
92.9%
Clue 4-Letter Word % Correct
The movement of air along currentsWIND
90.9%
Objects used in a game of crapsDICE
89.6%
Vast or broadWIDE
89.5%
The tough outer layer of certain fruits, like an orangeRIND
87.8%
Adorned with clothing or armorCLAD
86.8%
University in Houston or an integral part of Asian cuisinesRICE
86%
Tear asunder or show strong emotional distressREND
85.4%
Upscale or fancyPOSH
84.7%
To provoke or encourage mischievously GOAD
84.3%
Delighted or modestly proudGLAD
84.1%
◯‍ The Edgar Winter Group song: 'Free ___' ◯‍◯‍RIDE◯‍
83.5%
Former Team USA basketballer and Miami player ChrisBOSH
71.9%
To strike with extreme violenceBASH
70.2%
◯‍ Move with haste ◯‍◯‍DASH◯‍
57%

Today's Daily Dose

You're not logged in!

Compare scores with friends on all Sporcle quizzes.
OR
Log In

You Might Also Like...

Show Comments

Extras

Top Quizzes Today


Score Distribution

Your Account Isn't Verified!

In order to create a playlist on Sporcle, you need to verify the email address you used during registration. Go to your Sporcle Settings to finish the process.

Report this User

Report this user for behavior that violates our Community Guidelines.

Details: